000 00523nam a2200181Ia 4500
005 20250508151134.0
008 008 250505s9999 xx 000 0 eng d
037 _aTextual
040 _aFEDL
_beng
_cFEDL
041 _aeng
_2eng
084 _a371.426, MAY
_qFEDL
100 _aMays Arthur B
_9139957
245 0 _aEssentials of industrial education
260 _aNew York, USA
_bMcGraw Hill Book Company Inc.
_c1952
300 _aix,248p
942 _cTEXL
_h371.426, MAY
999 _c1327819
_d1327819